000 00797nam a22001935i 4500
001 158049
003 ES-MaACL
005 20230906210955.0
008 960603s1882 sp a |||| | spa d
040 _aCYL
_bspa
_cCYL
_dCCPB
100 0 _aLópez Martínez, Miguel.
_9227548
245 1 0 _aMemoria de la Exposición Nacional de Ganados, sus industrias y mecanismos correspondientes
_b: celebrada en Madrid en mayo de 1882 /
_cpor Miguel López Martínez.
260 _aMadrid :
_b[s.n.],
_c1882 (
_fEstablecimiento Tipográfico de F. Nozal)
300 _aXXXII, 364 p., [1] plan. pleg. :
_bil. ;
_c23 cm.
650 4 _aGanadería-
_zEspaña.
_9136165
711 2 _aExposición Nacional de Ganados (
_d1882.
_cMadrid)
_9135140
852 _aES-MaACL
_jG-1473
_z-- Enc. hol.
999 _c158049
_d158049